Popularne zagraniczne piosenki w Polsce. 18-24.06 Spotify - Statystyki

Ogólne statystyki
  • Ten quiz został rozwiązany 6 razy
  • Średni wynik to 7 z 30
Statystyki odpowiedzi
Wykonawca Odsłuchania Utwór % Poprawnych
Maneskin 688K Beggin'
50%
BTS 222K Butter
50%
Olivia Rodrigo 604K good 4 u
50%
Lil Nas X 439K MONTERO (Call Me By Your Name)
50%
The Weeknd, Ariana Grande 321K Save Your Tears (Remix)
50%
Bella Poarch 207K Build a Bitch
33%
Olivia Rodrigo 262K deja vu
33%
Imagine Dragons 315K Follow You
33%
Maneskin 1.02M I WANNA BE YOUR SLAVE
33%
Doja Cat, SZA 314K Kiss Me More
33%
Tom Grennan 298K Little Bit of Love
33%
Justin Bieber, Daniel Caesar, Giveon 322K Peaches
33%
Majestic, Boney M. 360K Rasputin
33%
Harry Styles 256K Watermelon Sugar
33%
Masked Wolf 392K Astronaut In The Ocean
17%
The Weeknd 256K Blinding Lights
17%
Olivia Rodrigo 233K drivers license
17%
Riton, Nightcrawlers, Mufasa, Hypeman 562K Friday
17%
Dua Lipa, DaBaby 406K Levitating
17%
MEDUZA, Dermot Kennedy 213K Paradise
17%
OneRepublic 263K Run
17%
Tiesto 294K The Business
17%
Joel Corry, RAYE, David Guetta 245K BED
0%
Maneskin 244K CORALINE
0%
Joel Corry, MNEK 233K Head & Heart
0%
The Neighbourhood 215K Sweater Weather
0%
Ofenbach, Lagique 233K Wasted Love
0%
Toby Romeo, Felix Jaehn, FAULHABER 242K Where The Lights Are Low
0%
ATB, Topic, A7S 302K Your Love (9PM)
0%
Maneskin 604K ZITTI E BUONI
0%
Nie znaleziono quizów pasujących do podanych kryteriów
Rozkład punktacji
Procent ludzi z każdym wynikiem
Percentyl według liczby udzielonych odpowiedzi
Twoja historia wyników
Nie rozwiązałeś tego quizu